000 00479nam a2200181Ia 4500
005 20250508150852.0
008 008 250505s9999 xx 000 0 hin d
037 _aTextual
040 _aFEDL
_beng
_cFEDL
041 _ahin
_2hin
084 _aFH, TAG
_qFEDL
100 _aJain Dhanya Kumar
245 0 _aRabinder sahitya. Part 9-10
260 _aCalcutta, India
_bHindi Granthagar
300 _a300p.
942 _cTEXL
_hFH, TAG
999 _c1326211
_d1326211